|
|
|
|
| LEADER |
00000nam0a2200000 4500 |
| 001 |
280007 |
| 005 |
20260224161730.0 |
| 035 |
|
|
|a (RuTPU)RU\TPU\book\303316
|
| 090 |
|
|
|a 280007
|
| 100 |
|
|
|a 20141224d1986 m y0rusy5003 ca
|
| 101 |
0 |
|
|a rus
|
| 102 |
|
|
|a RU
|
| 105 |
|
|
|a ac z 000zb
|
| 200 |
1 |
|
|a С. М. Буденный
|f сост. А. М. Золототрубов
|
| 210 |
|
|
|a Москва
|c Планета
|d 1986
|
| 215 |
|
|
|a 199 с.
|c портр., ил.
|
| 225 |
1 |
|
|a Человек. События. Время
|
| 600 |
|
1 |
|a Буденный
|b С. М.
|c российский военачальник
|c Маршал Советского Союза
|f 1883-1973
|g Семен Михайлович
|c трижды Герой Советского Союза
|2 stltpush
|3 (RuTPU)RU\TPU\pers\12483
|
| 606 |
|
|
|a Армия русская
|x История
|z 20 в. - ...
|9 82099
|
| 610 |
1 |
|
|a полководцы
|
| 610 |
1 |
|
|a биографии
|
| 610 |
1 |
|
|a персоналии
|
| 610 |
1 |
|
|a военноначальники
|
| 686 |
|
|
|a Т3(2)6-3
|2 rubbk
|
| 702 |
|
1 |
|a Золототрубов
|b А. М.
|4 220
|
| 801 |
|
0 |
|a RU
|b RuMRKP
|c 19950704
|g psbo
|
| 801 |
|
1 |
|a RU
|b 63413507
|c 20141224
|
| 801 |
|
2 |
|a RU
|b 63413507
|c 20180206
|g RCR
|
| 942 |
|
|
|c BK
|